• 首页
  • 本馆介绍
  • 公告通知
  • 最新文献
  • 馆藏检索
  • 电子资源
  • 读者导购
  • 参考咨询
  • 我的图书馆
  • 登录
  • 详细信息显示
  • 放入我的书架
  • 预约/预借图书
  • 作者相关作品
  • 分类相关作品
  • 丛书相关作品
  • 出版社相关作品

书目信息

  • 表格格式
  • 工作单格式
  • 卡片格式
题名:
《梦溪笔谈》译注
    
 
作者: ;中国科技大学 , 合肥钢铁公司《梦溪笔谈》译注组 编
分册:  
出版信息: 合肥   安徽科学技术出版社  1979
页数: 279页
开本: 20cm
丛书名:
单 册:
中图分类: N91
科图分类:
主题词: 自然界--研究 , 自然界--历史
电子资源:
ISBN:
000 00820nam0 2200241 450
001 0534967232
005 20060820154446.92
010    @dCNY0.91
091    @a13200.1
100    @a20051121d1979 km y0chiy0120 ea
101 0  @achi
102    @aCN@b340000
102    @aCN@b340000
200 1  @a《梦溪笔谈》译注@A《meng xi bi tan》yi zhu@f中国科技大学,合肥钢铁公司《梦溪笔谈》译注组编@Fzhong guo ke ji da xue,he fei gang tie gong si《meng xi bi tan》yi zhu zu bian
210    @a合肥@c安徽科学技术出版社@d1979
215 1  @a279页@d20cm
606 0  @a自然界@x研究
606 0  @a自然界@x历史
690    @aN91@v4
711  0 @a中国科技大学@Azhong guo ke ji da xue@4编
711  0 @a合肥钢铁公司《梦溪笔谈》译注组@Ahe fei gang tie gong si《meng xi bi tan》yi zhu zu@4编
801  0 @aCN@bPFT@c20060820
905    @a10447@dN91@e3
    
    《梦溪笔谈》译注/中国科技大学,合肥钢铁公司《梦溪笔谈》译注组编.-合肥:安徽科学技术出版社,1979
    279页;20cm
    
    
    ISBN :CNY0.91
    
●
相关链接 在E读中查询图书 在五车中查询图书 在当当中查询图书 在豆瓣中查询图书


正题名:《梦溪笔谈》译注     索取号:N91/3         预约/预借

序号 登录号 条形码 馆藏地/架位号 状态 备注
1 0019553   001235167   密集书库/ [索取号:N91/3] 在馆    
2 0019554   001235201   密集书库/ [索取号:N91/3] 在馆    
3 0171774   001235194   密集书库/ [索取号:N91/3] 在馆    
4 0171775   001235185   密集书库/ [索取号:N91/3] 在馆    
5 0467224   204672247   密集书库/ [索取号:N91/3] 在馆    
唐山师范学院图书馆 欢迎您!
大连网信软件有限公司© 版权所有